| 000 | 00609nam a22002297a 4500 | ||
|---|---|---|---|
| 003 | OSt | ||
| 005 | 20140310183106.0 | ||
| 008 | 130305t xxu||||| |||| 00| 0 eng d | ||
| 020 | _a9789715848077 | ||
| 050 |
_aDS 686.4 _b.G216 2009 |
||
| 100 | _aGarcia, Joaquin L. | ||
| 245 |
_aIt took four years for the rising sun to set / _cJoaquin L. Garcia |
||
| 250 | _a2nd ed. | ||
| 260 |
_aQuezon City : _bC & E Pub., _c2009. |
||
| 300 |
_a211 p. : _c25 cm. |
||
| 562 | _e2 | ||
| 650 |
_a Philippine _vHistory. |
||
| 650 |
_aManila _vHistory. |
||
| 942 |
_2lcc _cBK _kFLIR |
||
| 999 |
_c18789 _d18789 |
||